Navigating the financial blogosphere : How to benefit from free information on the internet
Financial information on the Internet has exploded in volume; the challenge is to find what's useful and reliable. Russell Bailyn's book does an excellent job of presenting important personal finance topics in a clear and digestible form, and pointing readers to a wealth of high-quality so...
Spremljeno u:
| Glavni autor: | |
|---|---|
| Format: | Knjiga |
| Jezik: | Undetermined |
| Izdano: |
Hoboken, N.J.
John Wiley & Sons
2007
|
| Teme: | |
| Oznake: |
Dodaj oznaku
Bez oznaka, Budi prvi tko označuje ovaj zapis!
|
| Thư viện lưu trữ: | Trung tâm Học liệu Trường Đại học Cần Thơ |
|---|
| LEADER | 01253nam a2200229Ia 4500 | ||
|---|---|---|---|
| 001 | CTU_164863 | ||
| 008 | 210402s9999 xx 000 0 und d | ||
| 020 | |c 24.95 | ||
| 082 | |a 025.06332 | ||
| 082 | |b B161 | ||
| 100 | |a Bailyn, Russell | ||
| 245 | 0 | |a Navigating the financial blogosphere : | |
| 245 | 0 | |b How to benefit from free information on the internet | |
| 245 | 0 | |c Russell Bailyn | |
| 260 | |a Hoboken, N.J. | ||
| 260 | |b John Wiley & Sons | ||
| 260 | |c 2007 | ||
| 520 | |a Financial information on the Internet has exploded in volume; the challenge is to find what's useful and reliable. Russell Bailyn's book does an excellent job of presenting important personal finance topics in a clear and digestible form, and pointing readers to a wealth of high-quality sources on the Internet. Navigating the Financial Blogosphere is browsable, fun, and very useful. Russell Bailyn not only explains financial decision making, but like a good research librarian, he tells you where to go on the Web for more information. You'll want to be close to your computer as you read this book. | ||
| 650 | |a Finance, personal,Investments | ||
| 650 | |x Blogs,Blogs | ||
| 904 | |i dth.trang, Giang | ||
| 980 | |a Trung tâm Học liệu Trường Đại học Cần Thơ | ||